| 000 | 00829nam a22002177a 4500 | ||
|---|---|---|---|
| 020 | _a9789699106002 | ||
| 082 |
_a362.2042 _bRAN |
||
| 100 | 3 |
_aRana, Mowadat H _9113412 |
|
| 245 | 1 | 0 |
_aHandbook of behavioural sciences for medical & dental students and health professionals / _cMowadat H Rana; Roop Rana; Mansoor Mustafa |
| 246 | 1 | 1 | _aHandbook of behavioral sciences for medical and dental students and health professionals |
| 250 | _a3rd Edition. | ||
| 260 |
_aLahore : _bUniversity of Health Sciences, _c2016. |
||
| 300 |
_a229 pages : _bill,; _c24 cm. |
||
| 563 | _aPBK. | ||
| 650 | 1 | 2 |
_aMental Disorders _xdiagnosis. _95538 |
| 650 | 1 | 2 |
_aMental Disorders _xtherapy. _9125945 |
| 650 | 2 | 2 |
_aBehavioral Medicine _xmethods. _9125944 |
| 700 | 3 |
_aRana, Roop Z. _9126232 |
|
| 700 | 1 |
_aMustafa, Mansoor _9126233 |
|
| 942 |
_2ddc _cBK |
||
| 999 |
_c595132 _d595132 |
||